Terroristijärjestöjä - Statistics

Yleistilastot
  • Tätä visaa on pelattu 43 kertaa
  • Keskiarvotulos 2 / 10
Vastaustilastot
Vihje Terroristijärjestö % Oikein
Hyökkäsi Israeliin 7. lokakuuta 2023 Hamas
100%
Vuonna 1982 perustettu Libanonilainen terroristijärjestö ja puolue Hizbollah
47%
Tämä järjestö taisteli Sri Lankan hallitustavastaan Sri Lankan sisällissodassa Tamilitiikerit
13%
Kurdien itsehallintoa ajava järjestö Kurdistanin työväenpuolue
8%
Gazassa toimiva terroristijärjestö, jokakarkoitettiin Egyptistä vuonna 1981 Islamilainen Jihad
5%
Perulainen maolainen sissiliike Loistava polku
3%
Perustettiin vuonna 2000 Fatah-puolueenitsemurhaiskujoukoiksi Al-Aksan marttyyrien prikaatit
0%
Intialainen sikhinationalistinen järjestö Babbar Khalsa
0%
Vuonna 2004 perustettu järjestö, jokavaatii Turkin armeijaa poistumaan Kurdialueilta Kurdistanin vapauden haukat
0%
Käy sissisotaa Filippiinien hallitusta vastaan Uusi kansanarmeija
0%
Ehtoja vastaavia visoja ei löytynyt
Tulosjakauma
Jokaisen tuloksen saaneiden osuus
Persentiili vastausten määrän mukaan
Tuloshistoriasi
Et ole pelannut tätä visaa